नया मानसरोवर (Record no. 1309053)
[ view plain ]
| 000 -LEADER | |
|---|---|
| fixed length control field | 01411nam a22002417a 4500 |
| 005 - DATE AND TIME OF LATEST TRANSACTION | |
| control field | 20250422121415.0 |
| 008 - FIXED-LENGTH DATA ELEMENTS--GENERAL INFORMATION | |
| fixed length control field | 250416b |||||||| |||| 00| 0 eng d |
| 020 ## - INTERNATIONAL STANDARD BOOK NUMBER | |
| International Standard Book Number | 978-81-7309-954-0 (pbk) |
| 037 ## - SOURCE OF ACQUISITION | |
| Terms of availability | REF |
| 040 ## - CATALOGING SOURCE | |
| Original cataloging agency | CRL |
| Transcribing agency | CRL |
| 041 ## - LANGUAGE CODE | |
| Source of code | hin |
| Language code of text/sound track or separate title | hin |
| 084 ## - COLON CLASSIFICATION NUMBER | |
| Classification number | O152,3M80x Q7.1-.8 |
| Assigning agency | CRL |
| 100 ## - MAIN ENTRY--PERSONAL NAME | |
| Personal name | प्रेमचंद |
| 245 ## - TITLE STATEMENT | |
| Title | नया मानसरोवर |
| 260 ## - PUBLICATION, DISTRIBUTION, ETC. | |
| Place of publication, distribution, etc. | नई दिल्ली, भारत: |
| Name of publisher, distributor, etc. | सस्ता साहित्य मण्डल प्रकाशन, |
| Date of publication, distribution, etc. | 2017. |
| 300 ## - PHYSICAL DESCRIPTION | |
| Extent | खंड 1 (1, 474पृ0); खंड 2 (1, 447पृ0); खंड 3 (1, 434पृ0); खंड 4 (1, 540पृ0); खंड 5 (1,392पृ0); खंड 6 (1, 325पृ0); खंड 7 (1, 568पृ0); खंड 8 (1, 325पृ0) |
| 365 ## - TRADE PRICE | |
| Price amount | 3200.00 |
| Currency code | INR |
| 650 ## - SUBJECT ADDED ENTRY--TOPICAL TERM | |
| Topical term or geographic name entry element | हिन्दी कहानी |
| 650 ## - SUBJECT ADDED ENTRY--TOPICAL TERM | |
| Topical term or geographic name entry element | हिन्दी साहित्य |
| 700 ## - ADDED ENTRY--PERSONAL NAME | |
| Personal name | गोयनका, कमल किशोर (संपादक) |
| 942 ## - ADDED ENTRY ELEMENTS (KOHA) | |
| Source of classification or shelving scheme | Colon Classification (CC) |
| Koha item type | Textbook |
| Classification part | O152,3M80x Q7.1-.8 |
| Suppress in OPAC | No |
| Withdrawn status | Lost status | Source of classification or shelving scheme | Damaged status | Not for loan | Home library | Current library | Date acquired | Source of acquisition | Cost, normal purchase price | Serial Enumeration / chronology | Inventory number | Total Checkouts | Full call number | Barcode | Date last seen | Date last checked out | Price effective from | Koha item type |
|---|---|---|---|---|---|---|---|---|---|---|---|---|---|---|---|---|---|---|
| Colon Classification (CC) | Central Library | Central Library | 2025-04-16 | डेल्टा बुक वर्ल्ड | 3200.00 | खंड 1 (1908 - 1913) | 205 & 2025-02-20 | 1 | O152,3M80x Q7.1 | CL1923119 | 2025-04-22 | 2025-04-22 | 2025-04-16 | Reference | ||||
| Colon Classification (CC) | Central Library | Central Library | 2025-04-16 | डेल्टा बुक वर्ल्ड | 3200.00 | खंड 2 (1914 - 1919) | 205 & 2025-02-20 | 1 | O152,3M80x Q7.2 | CL1923120 | 2025-04-22 | 2025-04-22 | 2025-04-16 | Reference | ||||
| Colon Classification (CC) | Central Library | Central Library | 2025-04-16 | डेल्टा बुक वर्ल्ड | 3200.00 | खंड 3 (1920 - 1923) | 205 & 2025-02-20 | O152,3M80x Q7.3 | CL1923121 | 2025-04-16 | 2025-04-16 | Reference | ||||||
| Colon Classification (CC) | Central Library | Central Library | 2025-04-16 | डेल्टा बुक वर्ल्ड | 3200.00 | खंड 4 (1924 - 1926) | 205 & 2025-02-20 | O152,3M80x Q7.4 | CL1923122 | 2025-04-16 | 2025-04-16 | Reference | ||||||
| Colon Classification (CC) | Central Library | Central Library | 2025-04-16 | डेल्टा बुक वर्ल्ड | 3200.00 | खंड 5 (1927 - 1928) | 205 & 2025-02-20 | O152,3M80x Q7.5 | CL1923123 | 2025-04-16 | 2025-04-16 | Reference | ||||||
| Colon Classification (CC) | Central Library | Central Library | 2025-04-16 | डेल्टा बुक वर्ल्ड | 3200.00 | खंड 6 (1929 - 1930) | 205 & 2025-02-20 | O152,3M80x Q7.6 | CL1923124 | 2025-04-16 | 2025-04-16 | Reference | ||||||
| Colon Classification (CC) | Central Library | Central Library | 2025-04-16 | डेल्टा बुक वर्ल्ड | 3200.00 | खंड 7 (1931 - 1933) | 205 & 2025-02-20 | O152,3M80x Q7.7 | CL1923125 | 2025-04-16 | 2025-04-16 | Reference | ||||||
| Colon Classification (CC) | Central Library | Central Library | 2025-04-16 | डेल्टा बुक वर्ल्ड | 3200.00 | खंड 8 (1934 - 1936) | 205 & 2025-02-20 | O152,3M80x Q7.8 | CL1923126 | 2025-04-16 | 2025-04-16 | Reference |
